[Event "Titled Tuesday intern op 12th Mar Late"]
[Site "Chess.com INT"]
[Date "2024.03.12"]
[Round "1"]
[White "Anton Guijarro, David"]
[Black "Redzisz, Michal"]
[Result "1-0"]
[WhiteElo "2671"]
[BlackElo "2238"]
[PlyCount "79"]
[EventDate "2024.03.12"]
[EventType "swiss (blitz)"]
[EventRounds "11"]
[EventCountry "USA"]
[SourceTitle "CB12_2024"]
[SourceDate "2023.10.01"]
[SourceVersion "1"]
[SourceVersionDate "2023.10.01"]
[SourceQuality "1"]

1. Nf3 Nf6 2. b3 b6 3. Bb2 g6 4. g3 Bg7 5. Bg2 Bb7 6. 0-0 0-0 7. c4 c5 8. d4 cxd4 9. Qxd4 d6 10. Rd1 Nbd7 11. Qc3 Rc8 12. Qe1 Nc5 13. Na3 Nce4 14. Nd4 Qc7 15. Nab5 Qb8 16. f3 Nc5 17. e4 Nfd7 18. Kh1 h5 19. Nc3 h4 20. gxh4 Ne5 21. Qe2 f5 22. Nd5 Bxd5 23. exd5 f4 24. Bh3 Rf7 25. Ne6 b5 26. Ng5 bxc4 27. Bxc8 Qxc8 28. Nxf7 Kxf7 29. bxc4 Qh3 30. Bxe5 Bxe5 31. Rab1 Qxh4 32. Rg1 g5 33. Rb5 Bf6 34. Rxc5 dxc5 35. Re1 Kg7 36. Qe6 Qh7 37. Qxe7+ Bxe7 38. Rxe7+ Kg6 39. Rxh7 Kxh7 40. d6 1-0

[Event "Titled Tuesday intern op 12th Mar Late"]
[Site "Chess.com INT"]
[Date "2024.03.12"]
[Round "8"]
[White "Redzisz, Michal"]
[Black "Kiselev, Pavel"]
[Result "0-1"]
[WhiteElo "2238"]
[BlackElo "2139"]
[PlyCount "64"]
[EventDate "2024.03.12"]
[EventType "swiss (blitz)"]
[EventRounds "11"]
[EventCountry "USA"]
[SourceTitle "CB12_2024"]
[SourceDate "2023.10.01"]
[SourceVersion "1"]
[SourceVersionDate "2023.10.01"]
[SourceQuality "1"]

1. d4 Nf6 2. c4 e6 3. Nc3 Bb4 4. e3 0-0 5. Nge2 d5 6. a3 Bd6 7. cxd5 exd5 8. Ng3 Re8 9. Bd3 a5 10. 0-0 Na6 11. Qc2 c6 12. Bd2 Nc7 13. f3 c5 14. Rae1 Ne6 15. Nb5 Bf8 16. e4 c4 17. Be2 Bd7 18. exd5 Nxd5 19. Bxc4 Bxb5 20. Bxb5 Nxd4 21. Rxe8 Qb6 22. Qe4 Nxb5+ 23. Kh1 Nf6 24. Rxf8+ Rxf8 25. Qh4 Nc7 26. Bg5 Ncd5 27. Nf5 Qxb2 28. Bh6 Ne8 29. Qe4 Ndf6 30. Ne7+ Kh8 31. Qf4 Qb5 32. Bg5 Qxf1# 0-1

[Event "POL-ch Universities"]
[Site "Lublin"]
[Date "2024.02.24"]
[Round "9"]
[White "Redzisz, Michal"]
[Black "Babiarz, Arkadiusz"]
[Result "0-1"]
[WhiteElo "2229"]
[BlackElo "2159"]
[PlyCount "78"]
[EventDate "2024.02.23"]
[EventType "swiss"]
[EventRounds "9"]
[EventCountry "POL"]
[SourceTitle "CB10_2024"]
[SourceDate "2024.03.06"]
[SourceVersion "1"]
[SourceVersionDate "2024.03.06"]
[SourceQuality "1"]

1. e4 c5 2. Nf3 e6 3. d4 cxd4 4. Nxd4 a6 5. c4 Nf6 6. Nc3 Qc7 7. a3 b6 8. Bd3 Bb7 9. 0-0 d6 10. Be3 Nbd7 11. f3 Ne5 12. Rc1 Nxd3 13. Qxd3 Be7 14. b4 Rc8 15. Na4 Nd7 16. Nb3 0-0 17. Qe2 Bc6 18. Nb2 Qb8 19. Rfd1 Bd8 20. Bf4 Bc7 21. Qd2 Ne5 22. Bxe5 dxe5 23. c5 f5 24. Qe2 Qa8 25. cxb6 Bxb6+ 26. Nc5 fxe4 27. fxe4 Bxe4 28. Nba4 Ba7 29. Qg4 Bd5 30. Rd2 Rf4 31. Qg5 Rf5 32. Qe7 Rcf8 33. Rcd1 R5f7 34. Qd6 Bb3 35. Qxe5 Bxa4 36. Re1 Bb3 37. h3 Bd5 38. Re3 Rf1+ 39. Kh2 Bb8 0-1

[Event "Titled Tuesday intern op 06th Feb Late"]
[Site "Chess.com INT"]
[Date "2024.02.06"]
[Round "10"]
[White "Korol, Dimitry"]
[Black "Redzisz, Michal"]
[Result "0-1"]
[WhiteElo "2287"]
[BlackElo "2229"]
[PlyCount "76"]
[EventDate "2024.02.06"]
[EventType "swiss (blitz)"]
[EventRounds "11"]
[EventCountry "USA"]
[SourceTitle "CB07_2024"]
[SourceDate "2024.02.14"]
[SourceVersion "1"]
[SourceVersionDate "2024.02.14"]
[SourceQuality "1"]

1. d4 Nf6 2. c4 g6 3. Nc3 d5 4. cxd5 Nxd5 5. e4 Nxc3 6. bxc3 Bg7 7. Nf3 c5 8. Rb1 cxd4 9. cxd4 Nc6 10. d5 Ne5 11. Nxe5 Bxe5 12. Bb5+ Bd7 13. Qa4 b6 14. 0-0 Bxb5 15. Qxb5+ Qd7 16. Qd3 0-0 17. Bh6 Bg7 18. Bxg7 Kxg7 19. f4 Rac8 20. Qd4+ Kg8 21. Rbc1 Rc7 22. h3 Rfc8 23. Rxc7 Qxc7 24. Kh2 Qc4 25. Rd1 Qxa2 26. e5 Rc2 27. Qg1 Rd2 28. d6 exd6 29. exd6 Qd5 30. Rxd2 Qxd2 31. Qa1 Qxf4+ 32. Kh1 Qxd6 33. Qxa7 Qd1+ 34. Kh2 Qd6+ 35. Kh1 Qf6 36. Qa8+ Kg7 37. Qd5 h5 38. Kh2 Qe6 0-1

[Event "Titled Tuesday intern op 16th Jan Late"]
[Site "Chess.com INT"]
[Date "2024.01.16"]
[Round "2"]
[White "Oliveira, Tiago Batista"]
[Black "Redzisz, Michal"]
[Result "0-1"]
[WhiteElo "1953"]
[BlackElo "2219"]
[PlyCount "86"]
[EventDate "2024.01.16"]
[EventType "swiss (blitz)"]
[EventRounds "11"]
[EventCountry "USA"]
[SourceTitle "CB04_2024"]
[SourceDate "2023.10.16"]
[SourceVersion "1"]
[SourceVersionDate "2023.10.16"]
[SourceQuality "1"]

1. d4 Nf6 2. c4 g6 3. Nc3 d5 4. cxd5 Nxd5 5. e4 Nxc3 6. bxc3 Bg7 7. Be3 c5 8. Rc1 0-0 9. Qd2 cxd4 10. cxd4 b6 11. Bc4 Bb7 12. f3 e6 13. Ne2 Nc6 14. 0-0 Rc8 15. Rfd1 Na5 16. Bd3 Qd7 17. Rxc8 Rxc8 18. Rc1 h5 19. g3 Rxc1+ 20. Qxc1 Qa4 21. Qc2 Qxc2 22. Bxc2 Nc4 23. Bf2 b5 24. Bb3 Nd2 25. Kg2 Nxb3 26. axb3 Kf8 27. Nc3 a6 28. Nd1 Ke7 29. Ne3 Bxd4 30. Nf5+ exf5 31. Bxd4 fxe4 32. f4 Ke6 33. b4 Kd5 34. Bc5 a5 35. Be7 a4 36. Bf6 Kc4 37. Be7 a3 38. Kf2 Kd3 39. Ke1 e3 40. h3 Bf3 41. Bf6 Kc4 42. Ba1 Kxb4 43. Bd4 a2 0-1

[Event "Titled Tuesday intern op 16th Jan Late"]
[Site "Chess.com INT"]
[Date "2024.01.16"]
[Round "9"]
[White "Rosen, Eric S"]
[Black "Redzisz, Michal"]
[Result "1-0"]
[WhiteElo "2361"]
[BlackElo "2219"]
[PlyCount "37"]
[EventDate "2024.01.16"]
[EventType "swiss (blitz)"]
[EventRounds "11"]
[EventCountry "USA"]
[SourceTitle "CB04_2024"]
[SourceDate "2023.10.16"]
[SourceVersion "1"]
[SourceVersionDate "2023.10.16"]
[SourceQuality "1"]

1. d4 Nf6 2. Bf4 d6 3. Nc3 g6 4. e4 Bg7 5. Qd2 0-0 6. 0-0-0 c5 7. dxc5 Qa5 8. cxd6 Nxe4 9. Nxe4 Qxa2 10. Qb4 Bf5 11. dxe7 Re8 12. Bc4 Nc6 13. Bxa2 Nxb4 14. Bxf7+ Kxf7 15. Nd6+ Kxe7 16. Nxf5+ gxf5 17. Bd6+ Kf6 18. Bxb4 Rad8 19. Bc3+ 1-0

[Event "POL-ch U20"]
[Site "Chotowa"]
[Date "2023.10.28"]
[Round "6"]
[White "Karut, Kacper"]
[Black "Redzisz, Michal"]
[Result "1/2-1/2"]
[WhiteElo "2093"]
[BlackElo "2228"]
[PlyCount "64"]
[EventDate "2023.10.24"]
[EventType "swiss"]
[EventRounds "9"]
[EventCountry "POL"]
[SourceTitle "Mega2024 Update 01"]
[Source "Chessbase"]
[SourceDate "2023.11.12"]
[SourceVersion "1"]
[SourceVersionDate "2023.11.12"]
[SourceQuality "1"]

1. e4 c6 2. d4 d5 3. e5 Bf5 4. Bd3 Bxd3 5. Qxd3 e6 6. Nf3 Qa5+ 7. c3 Qa6 8. Qxa6 Nxa6 9. 0-0 c5 10. Be3 Rc8 11. Nbd2 cxd4 12. Nxd4 Nc7 13. N2b3 Ne7 14. f4 g6 15. a4 Nf5 16. Nxf5 gxf5 17. Bxa7 Na6 18. Bd4 Nc5 19. Nxc5 Bxc5 20. Rfd1 Ke7 21. a5 Rc6 22. Ra4 Ra8 23. Rda1 Kd7 24. Kf2 Bxd4+ 25. Rxd4 Rca6 26. b4 Rc6 27. Rc1 Rac8 28. c4 b6 29. axb6 Rxb6 30. c5 Rb5 31. Ra1 Rcb8 32. Ke3 Rxb4 1/2-1/2

[Event "POL-ch U20"]
[Site "Chotowa"]
[Date "2023.10.25"]
[Round "2"]
[White "Niedbala, Bartlomiej"]
[Black "Redzisz, Michal"]
[Result "1-0"]
[WhiteElo "2400"]
[BlackElo "2228"]
[PlyCount "137"]
[EventDate "2023.10.24"]
[EventType "swiss"]
[EventRounds "9"]
[EventCountry "POL"]
[SourceTitle "Mega2024 Update 01"]
[Source "Chessbase"]
[SourceDate "2023.11.12"]
[SourceVersion "1"]
[SourceVersionDate "2023.11.12"]
[SourceQuality "1"]

1. Nf3 d5 2. g3 Nf6 3. Bg2 c5 4. c4 d4 5. e3 Nc6 6. exd4 cxd4 7. d3 e5 8. 0-0 Nd7 9. Re1 Be7 10. Na3 0-0 11. Nc2 Re8 12. Rb1 a5 13. b3 Qc7 14. a3 Rb8 15. b4 axb4 16. axb4 b5 17. c5 Bb7 18. Na3 Ba8 19. Qb3 Nf8 20. Bg5 Ne6 21. Bxe7 Rxe7 22. Ra1 Ree8 23. Ra2 g6 24. Rae2 Ng7 25. Ng5 Re7 26. Ne4 Ne8 27. Ra2 Na7 28. Rea1 Bc6 29. Nc2 Nc8 30. Ra6 Bb7 31. R6a5 Bc6 32. Re1 Kg7 33. Qb2 Qb7 34. Bh3 Bd7 35. Bf1 Bc6 36. f4 f6 37. fxe5 fxe5 38. Raa1 Qd7 39. Bg2 Bd5 40. Rf1 Bxe4 41. Bxe4 Nf6 42. Bg2 Na7 43. Ra6 Rf8 44. Qa1 Nc8 45. Qe1 Rff7 46. Qd2 Qg4 47. Ra8 Ra7 48. h3 Qe6 49. Rxa7 Rxa7 50. Qe2 Re7 51. Qf3 Rf7 52. Qe2 Re7 53. Kh2 Qd7 54. Qf2 Rf7 55. Qe1 Re7 56. Qa1 Qe6 57. Qa5 Na7 58. Qd8 Rf7 59. Qb6 Qa2 60. Ra1 Qxc2 61. Rxa7 Qxd3 62. Rxf7+ Kxf7 63. Qc7+ Ke6 64. Qd6+ Kf7 65. c6 Qc2 66. c7 d3 67. Qc5 Qxc5 68. bxc5 d2 69. Bf3 1-0

[Event "POL-ch U20"]
[Site "Chotowa"]
[Date "2023.10.25"]
[Round "3"]
[White "Redzisz, Michal"]
[Black "Borowik, Wojciech"]
[Result "0-1"]
[WhiteElo "2228"]
[BlackElo "1902"]
[PlyCount "58"]
[EventDate "2023.10.24"]
[EventType "swiss"]
[EventRounds "9"]
[EventCountry "POL"]
[SourceTitle "Mega2024 Update 01"]
[Source "Chessbase"]
[SourceDate "2023.11.12"]
[SourceVersion "1"]
[SourceVersionDate "2023.11.12"]
[SourceQuality "1"]

1. d4 Nf6 2. c4 e6 3. Nc3 Bb4 4. e3 0-0 5. Nge2 c6 6. a3 Ba5 7. Qc2 d5 8. Ng3 Nbd7 9. cxd5 exd5 10. Bd3 c5 11. dxc5 Nxc5 12. b4 Nxd3+ 13. Qxd3 Bc7 14. 0-0 h5 15. Bb2 h4 16. Nf5 h3 17. gxh3 Qd7 18. Ng3 Qxh3 19. f4 Ng4 20. Qd2 Nxe3 21. Nxd5 Nxd5 22. Qxd5 Be6 23. Qg2 Rad8 24. Nh1 Bb6+ 25. Nf2 Qxg2+ 26. Kxg2 Rd2 27. Bc3 Rc2 28. Rac1 Bd5+ 29. Kg3 Bxf2+ 0-1

[Event "POL-chT 1st League"]
[Site "Leba"]
[Date "2023.10.01"]
[Round "9.8"]
[White "Paprocki, Jaroslaw"]
[Black "Redzisz, Michal"]
[Result "0-1"]
[WhiteElo "2167"]
[BlackElo "2228"]
[PlyCount "116"]
[EventDate "2023.09.23"]
[EventType "team-swiss"]
[EventRounds "9"]
[EventCountry "POL"]
[SourceTitle "EXT 2024"]
[Source "ChessBase"]
[SourceDate "2023.10.10"]
[SourceVersion "1"]
[SourceVersionDate "2023.10.10"]
[SourceQuality "1"]
[WhiteTeam "Bydgoszcz Wiartrak"]
[BlackTeam "Jastrzebie Zdroj Pionier"]
[WhiteTeamCountry "POL"]
[BlackTeamCountry "POL"]

1. e4 e5 2. Nf3 Nf6 3. d4 Nxe4 4. Bd3 d5 5. Nxe5 Nd7 6. Nf3 Be7 7. 0-0 0-0 8. Bf4 Ndf6 9. Nbd2 Bg4 10. h3 Bh5 11. Qc1 c5 12. dxc5 Nxc5 13. Be2 Rc8 14. Nb3 Bxf3 15. gxf3 Ne6 16. Be3 Qc7 17. Bd3 Nh5 18. Re1 g6 19. c3 Bf6 20. Bf1 Rfe8 21. Rd1 Nef4 22. Nd4 Qe5 23. Kh1 Be7 24. Bxf4 Nxf4 25. Qe3 Qg5 26. Re1 Qh4 27. Kg1 Bd6 28. Qxe8+ Rxe8 29. Rxe8+ Kg7 30. Nb5 Bc5 31. Nd4 Nxh3+ 32. Bxh3 Qxh3 33. Re3 h5 34. f4 Qg4+ 35. Rg3 Qxf4 36. Rd3 h4 37. Re1 Qg4+ 38. Kf1 Bd6 39. Ree3 Bc5 40. b4 Bxd4 41. Rxd4 Qh5 42. Kg2 g5 43. Rf3 Kg6 44. Rfd3 Qe2 45. Rd2 Qe5 46. R2d3 f5 47. Rxd5 Qe4+ 48. Kg1 g4 49. Rd6+ Kg5 50. Re3 Qb1+ 51. Kh2 Qxa2 52. Kg1 Qb1+ 53. Kh2 Qc2 54. Kg1 Qc1+ 55. Kh2 g3+ 56. Kg2 h3+ 57. Kxg3 Qg1+ 58. Kxh3 Qh1+ 0-1

[Event "POL-chT 1st League"]
[Site "Leba"]
[Date "2023.09.23"]
[Round "1.7"]
[White "Bus, Konrad"]
[Black "Redzisz, Michal"]
[Result "1/2-1/2"]
[WhiteElo "2264"]
[BlackElo "2228"]
[PlyCount "83"]
[EventDate "2023.09.23"]
[EventType "team-swiss"]
[EventRounds "9"]
[EventCountry "POL"]
[SourceTitle "EXT 2024"]
[Source "ChessBase"]
[SourceDate "2023.10.10"]
[SourceVersion "1"]
[SourceVersionDate "2023.10.10"]
[SourceQuality "1"]
[WhiteTeam "Wieliczka MKS MOS"]
[BlackTeam "Jastrzebie Zdroj Pionier"]
[WhiteTeamCountry "POL"]
[BlackTeamCountry "POL"]

1. d4 Nf6 2. c4 e6 3. Nf3 d5 4. Nc3 Bb4 5. Bg5 0-0 6. e3 Nbd7 7. Bd3 c6 8. 0-0 Qa5 9. Qc2 h6 10. Bh4 Bxc3 11. bxc3 b6 12. Nd2 Ba6 13. a4 dxc4 14. Nxc4 Bxc4 15. Bxc4 Rac8 16. Rfc1 c5 17. Qb2 cxd4 18. cxd4 Qh5 19. Bg3 Ne4 20. Be2 Qa5 21. Bf3 Nxg3 22. hxg3 Nf6 23. Qb5 Rxc1+ 24. Rxc1 Qd2 25. Qc4 Rd8 26. Qc7 Rd7 27. Qc8+ Kh7 28. Qc2+ Qxc2 29. Rxc2 Nd5 30. Kf1 Kg6 31. Ke1 Kf6 32. Kd2 Rc7 33. Rb2 Ke7 34. a5 bxa5 35. Bxd5 exd5 36. Rb5 Kd6 37. Rxa5 Kc6 38. Kd3 Rd7 39. e4 dxe4+ 40. Kxe4 Kb6 41. Ra2 a5 42. d5 1/2-1/2

[Event "Titled Tuesday intern op 12th Sep Early"]
[Site "Chess.com INT"]
[Date "2023.09.12"]
[Round "1"]
[White "Redzisz, Michal"]
[Black "Adhiban, Baskaran"]
[Result "0-1"]
[WhiteElo "2228"]
[BlackElo "2562"]
[PlyCount "60"]
[EventDate "2023.09.12"]
[EventType "swiss (blitz)"]
[EventRounds "11"]
[EventCountry "USA"]
[SourceTitle "EXT 2024"]
[Source "ChessBase"]
[SourceDate "2023.10.10"]
[SourceVersion "1"]
[SourceVersionDate "2023.10.10"]
[SourceQuality "1"]

1. d4 e6 2. Nc3 d5 3. Bf4 Bb4 4. e3 Nf6 5. Bd3 c5 6. a3 Bxc3+ 7. bxc3 c4 8. Be2 Qa5 9. f3 Qxc3+ 10. Kf2 Nc6 11. Nh3 0-0 12. Qb1 Re8 13. Rd1 e5 14. dxe5 Nxe5 15. Qb4 Qxc2 16. Rac1 Qg6 17. Bxe5 Rxe5 18. Nf4 Qg5 19. Qb5 h6 20. Bxc4 dxc4 21. Rd8+ Kh7 22. Qxc4 Be6 23. Nxe6 Qxe3+ 24. Kf1 Rxd8 25. Nxd8 b6 26. Qc2+ g6 27. Qb2 Qd3+ 28. Kg1 Re2 29. Qxf6 Qe3+ 30. Kf1 Qf2# 0-1

[Event "Ustron op-A"]
[Site "Ustron"]
[Date "2023.08.18"]
[Round "8"]
[White "Tymrakiewicz, Rafal"]
[Black "Redzisz, Michal"]
[Result "0-1"]
[WhiteElo "2150"]
[BlackElo "2229"]
[PlyCount "102"]
[EventDate "2023.08.11"]
[EventType "swiss"]
[EventRounds "9"]
[EventCountry "POL"]
[SourceTitle "CBM 215 Extra"]
[Source "ChessBase"]
[SourceDate "2023.09.30"]
[SourceVersion "1"]
[SourceVersionDate "2023.09.30"]
[SourceQuality "1"]

1. d4 d5 2. Nf3 Nf6 3. e3 c5 4. c3 e6 5. Nbd2 Nc6 6. Bd3 Be7 7. 0-0 0-0 8. a3 Qc7 9. dxc5 Bxc5 10. b4 Be7 11. c4 a5 12. b5 Ne5 13. Nxe5 Qxe5 14. Rb1 Bd6 15. g3 b6 16. Re1 Bc5 17. Bb2 Qg5 18. Nf3 Qh6 19. Ne5 dxc4 20. Bxc4 Bb7 21. Nc6 Ne4 22. Bf1 Bxc6 23. bxc6 Rad8 24. Qc2 Nd2 25. Bg2 Nxb1 26. Rxb1 Qg5 27. h4 Qe7 28. a4 e5 29. Bc3 f5 30. Rb5 f4 31. Bxa5 fxe3 32. fxe3 Bxe3+ 33. Kh2 Bf4 34. gxf4 bxa5 35. c7 Rc8 36. Rxe5 Qxh4+ 37. Kg1 Qxf4 38. Rh5 h6 39. Rc5 Kh8 40. Rc4 Qe3+ 41. Kh1 Qe1+ 42. Kh2 Qe5+ 43. Kh1 Rf7 44. Qg6 Rcxc7 45. Be4 Kg8 46. Qh7+ Kf8 47. Qh8+ Ke7 48. Qb8 Qh5+ 49. Kg1 Qd1+ 50. Kg2 Qf1+ 51. Kg3 Qxc4 0-1

[Event "Ustron op-A"]
[Site "Ustron"]
[Date "2023.08.14"]
[Round "5"]
[White "Kacprzak, Karol1111"]
[Black "Redzisz, Michal"]
[Result "1-0"]
[WhiteElo "2315"]
[BlackElo "2229"]
[PlyCount "119"]
[EventDate "2023.08.11"]
[EventType "swiss"]
[EventRounds "9"]
[EventCountry "POL"]
[SourceTitle "CBM 215 Extra"]
[Source "ChessBase"]
[SourceDate "2023.09.30"]
[SourceVersion "1"]
[SourceVersionDate "2023.09.30"]
[SourceQuality "1"]

1. e4 c6 2. d4 d5 3. e5 c5 4. dxc5 e6 5. Nf3 Bxc5 6. Bd3 Nc6 7. 0-0 Nge7 8. Bf4 Ng6 9. Bg3 0-0 10. Nbd2 f5 11. exf6 gxf6 12. c4 f5 13. h3 d4 14. Re1 Qf6 15. Qe2 Bb4 16. Rad1 Bd7 17. a3 Bxd2 18. Rxd2 Rae8 19. Be5 Ncxe5 20. Nxe5 Bc6 21. f3 Qg5 22. Qf2 Nxe5 23. Rxe5 Bxf3 24. Bf1 Be4 25. Rxd4 Qg7 26. Qf4 Rf6 27. Qd2 Rg6 28. Rc5 Bc6 29. b4 Kh8 30. Rd8 Qe7 31. Qd4+ Kg8 32. Rxe8+ Qxe8 33. b5 Be4 34. Rc7 e5 35. Qc5 b6 36. Rc8 bxc5 37. Rxe8+ Kf7 38. Rxe5 Rg3 39. Rxc5 Rxa3 40. Rc7+ Kf6 41. Rxh7 f4 42. Rd7 Ke6 43. Rd2 Rc3 44. Ra2 Rc1 45. Kf2 Ke5 46. Rd2 Rc3 47. h4 Kf5 48. Be2 Rg3 49. Bf3 Bxf3 50. gxf3 Rh3 51. Rd5+ Ke6 52. h5 Rh2+ 53. Kg1 Rc2 54. Rd4 Ke5 55. Re4+ Kf5 56. h6 Kg6 57. Rxf4 Kxh6 58. Rg4 Kh5 59. Kf1 Kh6 60. Ke1 1-0

[Event "Ustron op-A"]
[Site "Ustron"]
[Date "2023.08.14"]
[Round "4"]
[White "Redzisz, Michal"]
[Black "Pniaczek, Marek"]
[Result "1/2-1/2"]
[WhiteElo "2229"]
[BlackElo "2159"]
[PlyCount "32"]
[EventDate "2023.08.11"]
[EventType "swiss"]
[EventRounds "9"]
[EventCountry "POL"]
[SourceTitle "CBM 215 Extra"]
[Source "ChessBase"]
[SourceDate "2023.09.30"]
[SourceVersion "1"]
[SourceVersionDate "2023.09.30"]
[SourceQuality "1"]

1. e4 e5 2. Nf3 Nf6 3. Nxe5 d6 4. Nf3 Nxe4 5. Nc3 Nxc3 6. dxc3 Be7 7. Be3 0-0 8. Qd2 Nd7 9. 0-0-0 Nf6 10. Bd3 c5 11. Bg5 Be6 12. Qf4 h6 13. Bxh6 gxh6 14. Qxh6 Re8 15. Qg5+ Kf8 16. Qh6+ Kg8 1/2-1/2

[Event "Ustron op-A"]
[Site "Ustron"]
[Date "2023.08.11"]
[Round "1"]
[White "Malek, Jan"]
[Black "Redzisz, Michal"]
[Result "1-0"]
[WhiteElo "2416"]
[BlackElo "2229"]
[PlyCount "131"]
[EventDate "2023.08.11"]
[EventType "swiss"]
[EventRounds "9"]
[EventCountry "POL"]
[SourceTitle "CBM 215 Extra"]
[Source "ChessBase"]
[SourceDate "2023.09.30"]
[SourceVersion "1"]
[SourceVersionDate "2023.09.30"]
[SourceQuality "1"]

1. d4 Nf6 2. c4 e6 3. Nc3 Bb4 4. e3 0-0 5. Bd3 d5 6. a3 Bxc3+ 7. bxc3 dxc4 8. Bxc4 c5 9. Ne2 Qc7 10. Bd3 b6 11. e4 Ba6 12. Bxa6 Nxa6 13. Qd3 Qb7 14. f3 Rac8 15. Bg5 Nd7 16. h4 h6 17. Be3 Rfd8 18. 0-0 Ne5 19. Qb5 Nc4 20. Bf4 cxd4 21. cxd4 Nb8 22. a4 e5 23. dxe5 Rc5 24. Qb3 Nd2 25. Bxd2 Rxd2 26. Nf4 Qc7 27. Qe3 Rcc2 28. Rad1 Rxd1 29. Rxd1 Qxe5 30. Rd5 Qe7 31. h5 Nc6 32. Ng6 Qe6 33. Nh4 Qf6 34. Qe1 Qf4 35. Nf5 Ne5 36. Qg3 Qxg3 37. Nxg3 Nc4 38. Rd8+ Kh7 39. Nf5 Rd2 40. Rc8 Ne5 41. Re8 Nc6 42. Rc8 Ne5 43. Ra8 Rd7 44. Kf2 Nd3+ 45. Ke3 Nc5 46. e5 g6 47. hxg6+ Kxg6 48. g4 Kh7 49. Nd6 Re7 50. f4 f6 51. Nc8 Rc7 52. Nxa7 fxe5 53. f5 Rg7 54. Nc8 Rxg4 55. Nxb6 Rb4 56. Ra7+ Kg8 57. a5 Rb3+ 58. Ke2 Ra3 59. f6 Nb3 60. Nd5 Rxa5 61. Rg7+ Kf8 62. Ne7 Nd4+ 63. Kd3 Ke8 64. Ng6 Ra3+ 65. Ke4 Re3+ 66. Kd5 1-0

[Event "Warsaw Maciei Memorial"]
[Site "Warsaw"]
[Date "2023.07.10"]
[Round "6"]
[White "Redzisz, Michal"]
[Black "Fudala, Dominik"]
[Result "1-0"]
[WhiteElo "2269"]
[BlackElo "1568"]
[PlyCount "51"]
[EventDate "2023.07.10"]
[EventType "swiss (blitz)"]
[EventRounds "11"]
[EventCountry "POL"]
[SourceTitle "CBM 215 Extra"]
[Source "ChessBase"]
[SourceDate "2023.09.30"]
[SourceVersion "1"]
[SourceVersionDate "2023.09.30"]
[SourceQuality "1"]

1. d4 Nf6 2. c4 e6 3. Nf3 d5 4. g3 Bb4+ 5. Nbd2 0-0 6. Bg2 c6 7. 0-0 b6 8. Qc2 Bb7 9. e4 Bxd2 10. Nxd2 dxc4 11. Nxc4 Qxd4 12. Rd1 Qc5 13. Be3 Qe7 14. Bf4 Re8 15. Bd6 Qd8 16. Be5 Qe7 17. Nd6 Rf8 18. Qc3 Ne8 19. Nxe8 Rxe8 20. Bxg7 e5 21. Bh6 Nd7 22. Bh3 Nc5 23. Qf3 Ne6 24. Qf5 Ng7 25. Bxg7 Kxg7 26. Rd7 1-0

[Event "Titled Tuesday intern op 06th Jun Early"]
[Site "Chess.com INT"]
[Date "2023.06.06"]
[Round "11"]
[White "Redzisz, Michal"]
[Black "Ashraf, Artin"]
[Result "1-0"]
[WhiteElo "2269"]
[BlackElo "2308"]
[PlyCount "51"]
[EventDate "2023.06.06"]
[EventType "swiss (blitz)"]
[EventRounds "11"]
[EventCountry "USA"]
[SourceTitle "EXT 2024"]
[Source "ChessBase"]
[SourceDate "2023.10.10"]
[SourceVersion "1"]
[SourceVersionDate "2023.10.10"]
[SourceQuality "1"]

1. e4 c5 2. Nf3 d6 3. d4 cxd4 4. Qxd4 Nc6 5. Bb5 Bd7 6. Qd3 Nf6 7. Nc3 a6 8. Bxc6 Bxc6 9. Bg5 e6 10. 0-0-0 Be7 11. Bxf6 Bxf6 12. Rhe1 Be7 13. Nd4 0-0 14. f4 Rc8 15. Kb1 Qa5 16. f5 Bd7 17. e5 d5 18. Rf1 Bb4 19. Nce2 Rfe8 20. f6 g6 21. Qe3 Bf8 22. h4 Rc4 23. h5 g5 24. Qxg5+ Kh8 25. Rf3 Rec8 26. Rg3 1-0

[Event "Titled Tuesday intern op 06th Jun Early"]
[Site "Chess.com INT"]
[Date "2023.06.06"]
[Round "8"]
[White "Redzisz, Michal"]
[Black "Tejedor Fuente, Enrique"]
[Result "1-0"]
[WhiteElo "2269"]
[BlackElo "2390"]
[PlyCount "87"]
[EventDate "2023.06.06"]
[EventType "swiss (blitz)"]
[EventRounds "11"]
[EventCountry "USA"]
[SourceTitle "EXT 2024"]
[Source "ChessBase"]
[SourceDate "2023.10.10"]
[SourceVersion "1"]
[SourceVersionDate "2023.10.10"]
[SourceQuality "1"]

1. e4 e5 2. Nf3 Nc6 3. Bc4 Bc5 4. c3 Nf6 5. d4 exd4 6. cxd4 Bb4+ 7. Nc3 d5 8. exd5 Nxd5 9. 0-0 Bxc3 10. bxc3 0-0 11. Qc2 h6 12. Re1 Be6 13. Bxh6 Na5 14. Ng5 Qxg5 15. Bxg5 Nxc4 16. Rxe6 fxe6 17. Qe2 Ndb6 18. Qxe6+ Kh8 19. Re1 Nd6 20. Re3 Rf7 21. Rh3+ Kg8 22. Qg6 Rf5 23. g4 Ra5 24. Qe6+ Nf7 25. Rf3 Rf8 26. Be7 Nd5 27. Bxf8 Nf6 28. Bxg7 Ra6 29. Qxf6 Rxf6 30. Bxf6 Kh7 31. h4 b5 32. h5 a5 33. g5 Kg8 34. g6 Nd6 35. h6 Nf7 36. h7+ Kf8 37. g7+ Ke8 38. g8Q+ Kd7 39. Qxf7+ Kc6 40. h8Q b4 41. Qa8+ Kb5 42. Qfd5+ c5 43. Qxc5+ Ka4 44. Qaxa5# 1-0

[Event "Titled Tuesday intern op 06th Jun Early"]
[Site "Chess.com INT"]
[Date "2023.06.06"]
[Round "2"]
[White "Torres Dominguez, David"]
[Black "Redzisz, Michal"]
[Result "0-1"]
[WhiteElo "1976"]
[BlackElo "2269"]
[PlyCount "88"]
[EventDate "2023.06.06"]
[EventType "swiss (blitz)"]
[EventRounds "11"]
[EventCountry "USA"]
[SourceTitle "EXT 2024"]
[Source "ChessBase"]
[SourceDate "2023.10.10"]
[SourceVersion "1"]
[SourceVersionDate "2023.10.10"]
[SourceQuality "1"]

1. e4 e6 2. d4 d5 3. exd5 exd5 4. Bd3 Nf6 5. Nf3 Bd6 6. 0-0 0-0 7. h3 h6 8. Re1 Nbd7 9. Nc3 c5 10. Nb5 Bb8 11. dxc5 Nxc5 12. Nbd4 a6 13. c3 b5 14. a3 Bb7 15. Ne5 Nfe4 16. Nec6 Bxc6 17. Nxc6 Qf6 18. Bxe4 Nxe4 19. Nxb8 Qxf2+ 20. Kh1 Raxb8 21. Be3 Qf5 22. Qd4 Rfe8 23. Rad1 Rbd8 24. Kh2 h5 25. Rf1 Qg6 26. Bf4 h4 27. Rde1 Ng3 28. Rg1 Ne2 29. Rxe2 Rxe2 30. Bc7 Rd7 31. Be5 Re7 32. Bf4 Qe4 33. Qxe4 dxe4 34. b4 Rc2 35. Bd6 Re6 36. Bc5 e3 37. Re1 e2 38. Kg1 Rxc3 39. Kf2 Rxa3 40. Rxe2 Rxe2+ 41. Kxe2 Ra2+ 42. Kf3 Rc2 43. Bf2 Rc4 44. Bxh4 Rxh4 0-1